| 000 | 00650nam a2200241 u 4500 | ||
|---|---|---|---|
| 005 | 20240924065153.0 | ||
| 008 | 170331s1981 r 000 0 eng d | ||
| 020 | _a9688001538 | ||
| 035 | _aUPN01000217219 | ||
| 049 | _aCG | ||
| 050 | 4 |
_aLC5148 M6 _bR3.3 1981 |
|
| 100 | 1 |
_aRamírez Castañeda, Rafael, _d1885-1959 |
|
| 245 | 1 | 3 |
_aLa escuela rural mexicana / _cRafael Ramírez. |
| 250 | _a2a ed. | ||
| 260 |
_aMéxico : _bSEP, _c1981. |
||
| 300 | _a212 p. | ||
| 440 | 0 | _aSEP/80 | |
| 650 | 4 |
_aEducación rural _zMéxico _94430 |
|
| 650 | 4 |
_aEscuelas rurales _zMéxico _916754 |
|
| 905 | _aLibro | ||
| 999 |
_c189319 _d189319 |
||